Le Brésil pour les touristes... - Facile - Statistiques

Statistiques générales
  • Ce quiz a été pris 30 fois
  • Le résultat moyen est 11 sur 20
Statistiques - réponses
Question Indice Réponses Index facile % Correct
Quelle est la langue officielle ? Portugais
100%
Avez-vous besoin d'un visa ? (oui/non) Non
95%
Combien d'heures (environ) mettrez-vous pour vous y rendre ? (en chiffres) 12
82%
Dans la capitale quel est le décalage horaire avec Paris ? (+ ou - et chiffre) ex - 10 - 5
77%
La conduite se fait à droite ou à gauche ? Droite
77%
Le principal aéroport est S Sao Paulo
77%
Quelles sont les principaux lieux touristiques ? R Rio de Janeiro
73%
Le suffixe internet est br
68%
Achats à faire 1/ Eau de vie Cachaça CHACACA
68%
La vitesse est limitée hors des villes à {110} km/h
64%
Achats à faire 2/ Serviette de plage Canga GANCA
64%
Quelle est la monnaie ? Real R
64%
Quelles sont les principaux lieux touristiques ? I Chutes d'{Iguazu} AGUIUZ
59%
Achats à faire 4/ Maillot de Football BALLOTFO
59%
La religion majoritaire est Catholicisme C
41%
Quelles sont les principaux lieux touristiques ? G Ilha {Grande} DARNEG
32%
Comment se nomme la principale compagnie aérienne locale L LATAM
18%
Achats à faire 3/ Instrument Pandeiro ROIDENAP
9%
Quels sont les climats locaux ? T E & S {Tropical}, {Equatorial} & {Subtropical}
5%
Quelles sont les principaux lieux touristiques ? L M Parc des {Lençois Maranhenses} ASCENSIONNERASEHLM
0%
Aucun quiz correspondant
Distribution des résultats
% des personnes avec chaque résultat
Percentile par nombre de réponses
Votre historique - résultats
Vous n’avez pas pris ce quiz